000 00464nam a2200181Ia 4500
008 230524s9999 xx 000 0 und d
020 _a9788126513727
082 _a658.45
_bBUF
100 _aElwood S.Buffa
245 0 _aModern Production /Operations Management 8th ed.
250 _a8TH
260 _aNEW DELHI
_bJohn Wiley
_c2008
300 _aXIV;821
500 _aQuantity Number: 5
650 _aManagement
700 _a Rakesh K.Sarin
942 _cBK
999 _c41170
_d41170